[Event "O pohar mesta Klatov C - Memorial Jarom"]
[Site "Klatovy, Czech Republic"]
[Date "2025.07.03"]
[Round "6.17"]
[White "Macoun, Jiri"]
[Black "Novak, Vaclav"]
[Result "0-1"]
[WhiteElo "1747"]
[BlackElo "1837"]
[PlyCount "144"]
[EventDate "2025.06.28"]

1. e4 d6 2. Bc4 g6 3. Nc3 Bg7 4. d3 Nf6 5. f4 Nc6 6. a3 e5 7. Nf3 Bg4 8. h3
Bxf3 9. Qxf3 Nd4 10. Qf2 Qd7 11. O-O Nc6 12. fxe5 Nxe5 13. Ba2 h6 14. Bd2 c5
15. Rae1 O-O-O 16. b4 Qc7 17. Nd5 Nxd5 18. Bxd5 f6 19. bxc5 dxc5 20. Be3 b6 21.
Bf4 Qe7 22. Qe2 Rd7 23. c3 g5 24. Bg3 Ng6 25. Bc6 Rd6 26. Bxd6 Qxd6 27. Bd5 Nf4
28. Qf3 h5 29. Kh1 h4 30. d4 f5 31. Bb3 cxd4 32. cxd4 Bxd4 33. exf5 Nh5 34.
Rc1+ Kb8 35. Rf2 Bxf2 36. Qxf2 Ng3+ 37. Kg1 Qxa3 38. Rb1 Rc8 39. Qe3 Qc5 40.
Qxc5 Rxc5 41. f6 Rf5 42. f7 Kc7 43. Re1 Kd6 44. Bc4 b5 45. Re8 bxc4 46. f8=Q+
Rxf8 47. Rxf8 Kc5 48. Ra8 Kb6 49. Kf2 a5 50. Ke3 Kb5 51. Kd4 Nf5+ 52. Kc3 Nd6
53. Rb8+ Kc5 54. Ra8 Nb5+ 55. Kc2 Kb4 56. Rg8 Nd4+ 57. Kb1 c3 58. Rb8+ Kc4 59.
Ra8 Kd3 60. Rxa5 c2+ 61. Kb2 Ne2 62. Rd5+ Kc4 63. Kxc2 Kxd5 64. Kd3 Nf4+ 65.
Ke3 Nxg2+ 66. Kf3 Nf4 67. Kg4 Nxh3 68. Kxh3 Ke5 69. Kg4 Ke4 70. Kh3 Kf3 71. Kh2
g4 72. Kh1 Kf2 0-1

[Event "O pohar mesta Klatov C - Memorial Jarom"]
[Site "Klatovy, Czech Republic"]
[Date "2025.07.03"]
[Round "6.18"]
[White "Berka, Lubos"]
[Black "Slegl, Milan"]
[Result "1/2-1/2"]
[WhiteElo "1836"]
[BlackElo "1639"]
[PlyCount "120"]
[EventDate "2025.06.28"]

1. e4 c6 2. d4 d5 3. exd5 cxd5 4. Bd3 Nc6 5. c3 Nf6 6. Bf4 e6 7. Nf3 Be7 8.
Nbd2 O-O 9. O-O b6 10. Ne5 Bb7 11. Ndf3 Ne4 12. Nxc6 Bxc6 13. Ne5 Bb7 14. Qc2
f5 15. f3 Nd6 16. Rae1 Bh4 17. Re2 Bg5 18. Qd2 Bxf4 19. Qxf4 Rc8 20. Rfe1 Rf6
21. Bb1 Qe7 22. Qh4 Re8 23. Bc2 Rh6 24. Qxe7 Rxe7 25. Ba4 b5 26. Bc2 Rf6 27. a4
a6 28. Nd3 Bc8 29. axb5 axb5 30. Ra1 g6 31. Nb4 Rff7 32. Nc6 Re8 33. Bd3 Rc7
34. Ne5 Nc4 35. Ra8 Nxe5 36. Rxe5 b4 37. cxb4 Kf7 38. Rb8 Rc1+ 39. Kf2 Rd1 40.
Bb5 Rd8 41. Ba6 Rc1 42. Re3 Ke7 43. Rxc8 Rcxc8 44. Bxc8 Rxc8 45. b5 Rc2+ 46.
Re2 Rc4 47. Rd2 Kd7 48. Ke3 g5 49. Kd3 Rb4 50. Kc3 Rxb5 51. b4 Kc7 52. Kb3 Rb8
53. Rc2+ Kb6 54. Rc5 Ra8 55. b5 Ra1 56. Rc6+ Kxb5 57. Rxe6 Rd1 58. Re5 Rxd4 59.
Rxf5 h6 60. Kc3 Kc5 1/2-1/2

[Event "O pohar mesta Klatov C - Memorial Jarom"]
[Site "Klatovy, Czech Republic"]
[Date "2025.07.03"]
[Round "6.19"]
[White "Tomecek, Marian"]
[Black "Fiser, Jiri"]
[Result "0-1"]
[WhiteElo "1566"]
[BlackElo "1821"]
[PlyCount "82"]
[EventDate "2025.06.28"]

1. e4 c5 2. d4 cxd4 3. c3 d5 4. exd5 Qxd5 5. cxd4 Nc6 6. Nf3 e6 7. a3 Nf6 8.
Nc3 Qd8 9. Bc4 Be7 10. O-O O-O 11. Bg5 a6 12. b4 h6 13. Be3 Nd5 14. Nxd5 exd5
15. Be2 Be6 16. Rb1 b5 17. Rb3 Bd6 18. Qd2 Qd7 19. Bd3 f5 20. Bxh6 gxh6 21.
Qxh6 Rae8 22. Rc3 Nd8 23. Qg5+ Qg7 24. Qd2 Rf6 25. Bc2 Rg6 26. Nh4 Rg4 27. Rh3
Rf8 28. f3 Qxd4+ 29. Rf2 Qxd2 30. Rxd2 Rg7 31. f4 Bxf4 32. Rd1 Bg5 33. Nf3 Nc6
34. Re1 Rf6 35. Rh5 Bf4 36. Nh4 Ne7 37. Nf3 Nc6 38. Nh4 Nd4 39. Bd3 Bg5 40. Kf2
Bf7 41. Ng6 Rgxg6 0-1

[Event "O pohar mesta Klatov C - Memorial Jarom"]
[Site "Klatovy, Czech Republic"]
[Date "2025.07.03"]
[Round "6.20"]
[White "Cecil, Pavel"]
[Black "Malik, Zdenek"]
[Result "1/2-1/2"]
[WhiteElo "1820"]
[BlackElo "1715"]
[PlyCount "69"]
[EventDate "2025.06.28"]

1. d4 d5 2. Nf3 e6 3. c4 Nf6 4. Bg5 h6 5. Bh4 Nbd7 6. e3 a6 7. Nc3 dxc4 8. Bxc4
b5 9. Bd3 Bb7 10. O-O c5 11. Rc1 Be7 12. Bb1 O-O 13. Qe2 Re8 14. Rfd1 Qb6 15.
a3 Rac8 16. Ne5 Nxe5 17. dxe5 Nd5 18. Bxe7 Nxe7 19. Rd6 Rc6 20. Rcd1 Rxd6 21.
exd6 Nd5 22. e4 Nf4 23. Qg4 Ng6 24. h4 Rd8 25. h5 Ne5 26. Qf4 f6 27. Qd2 Nc4
28. Qc2 Rxd6 29. e5 Rxd1+ 30. Nxd1 f5 31. f4 Be4 32. Qc1 Bxb1 33. Qxb1 Nd2 34.
Qd3 c4+ 35. Qe3 1/2-1/2

[Event "O pohar mesta Klatov C - Memorial Jarom"]
[Site "Klatovy, Czech Republic"]
[Date "2025.07.03"]
[Round "6.21"]
[White "Dobsinsky, Petr"]
[Black "Svec, Ludek"]
[Result "1/2-1/2"]
[WhiteElo "1460"]
[BlackElo "1755"]
[PlyCount "100"]
[EventDate "2025.06.28"]

1. d4 Nf6 2. Nf3 d5 3. e3 Bf5 4. Nh4 e6 5. Nxf5 exf5 6. c3 Bd6 7. Bd3 g6 8. Qb3
b6 9. Nd2 O-O 10. Nf3 Nbd7 11. Qc2 c5 12. Qd2 Rc8 13. O-O Re8 14. a3 Ne4 15.
Bxe4 fxe4 16. Ne1 Qc7 17. dxc5 bxc5 18. g3 Qb7 19. b4 Ne5 20. bxc5 Nc4 21. Qa2
Rxc5 22. Nc2 Rb5 23. a4 Ra5 24. Rb1 Qa8 25. Rb5 Rb8 26. Rxa5 Nxa5 27. Ba3 Be5
28. Rd1 Nc4 29. Nb4 Rd8 30. Qb3 a5 31. Nc2 Rb8 32. Qa2 Bxc3 33. Nd4 Ne5 34. Nb5
Nf3+ 35. Kh1 Be1 36. Kg2 Rd8 37. Kf1 Qc6 38. Rxe1 Nxe1 39. Kxe1 Rc8 40. Qb3 Qc4
41. Qxc4 Rxc4 42. Kd2 Rxa4 43. Kc3 Rc4+ 44. Kd2 f5 45. h3 Ra4 46. Kc3 Kg7 47.
Kd2 Kf7 48. Kc2 Ke8 49. Kb3 Rc4 50. Nd6+ Kd7 1/2-1/2

[Event "O pohar mesta Klatov C - Memorial Jarom"]
[Site "Klatovy, Czech Republic"]
[Date "2025.07.03"]
[Round "6.22"]
[White "Novy, Jaroslav"]
[Black "Stanke, Vilem"]
[Result "1-0"]
[WhiteElo "1744"]
[BlackElo "1540"]
[PlyCount "60"]
[EventDate "2025.06.28"]

1. e4 e5 2. Nf3 Nc6 3. Bc4 Bc5 4. b4 Bxb4 5. c3 Bd6 6. d4 Nf6 7. Bg5 Qe7 8.
Nbd2 b6 9. O-O O-O 10. Re1 Na5 11. Rb1 Nxc4 12. Nxc4 Qe6 13. Ncxe5 Bxe5 14.
Nxe5 Bb7 15. Bxf6 Qxf6 16. Nxd7 Qg6 17. Nxf8 Kxf8 18. f3 c6 19. Rb2 b5 20. a4
a6 21. c4 Qg5 22. cxb5 axb5 23. axb5 cxb5 24. Qb3 Ba6 25. Qb4+ Ke8 26. Rc2 Rc8
27. Rxc8+ Bxc8 28. Qc5 Qd2 29. Qxc8+ Ke7 30. Qc5+ Kf6 1-0

[Event "O pohar mesta Klatov C - Memorial Jarom"]
[Site "Klatovy, Czech Republic"]
[Date "2025.07.03"]
[Round "6.23"]
[White "Hanzlik, Jiri"]
[Black "Zimmermann, Ladislav"]
[Result "1/2-1/2"]
[WhiteElo "1688"]
[BlackElo "1517"]
[PlyCount "63"]
[EventDate "2025.06.28"]

1. Nf3 Nc6 2. g3 b6 3. Bg2 Bb7 4. Ne5 Rb8 5. Nxc6 Bxc6 6. Bxc6 dxc6 7. Nc3 Nf6
8. d3 e6 9. Bg5 h6 10. Bxf6 Qxf6 11. Qd2 Bb4 12. a3 Bxc3 13. Qxc3 Qxc3+ 14.
bxc3 O-O 15. O-O-O Rfd8 16. e4 e5 17. f4 exf4 18. gxf4 f6 19. f5 Kf7 20. Kd2
Rg8 21. h4 h5 22. c4 b5 23. Rb1 a6 24. c5 a5 25. Ke3 b4 26. a4 g6 27. fxg6+
Rxg6 28. Rbg1 Rbg8 29. Kf2 Ke6 30. Rxg6 Rxg6 31. Rg1 Rxg1 32. Kxg1 1/2-1/2